Statistics for Countries by Landscape in the Americas

Click here to take the quiz!

General Stats

  • This quiz has been taken 9 times
  • The average score is 6 of 12

Answer Stats

Answer% Correct
Argentina/Brazil
75%
Canada
75%
United States
75%
Argentina
63%
Chile
63%
Bolivia
38%
Brazil
38%
Mexico
38%
Saint Lucia
38%
Paraguay
25%
Peru
25%
Colombia
13%

Score Distribution

Percentile by Number Answered

Percent of People with Each Score

Your Score History

You have not taken this quiz